Matching Test 1 (Experimental) - Statistics

General Stats
  • This quiz has been taken 26 times
    22 since last reset
  • The average score is 8 of 21
Answer Stats
Questions Answer % Correct
Much mechanical digestion takes place here Mouth
75%
No digestion occurs here Esophagus
50%
Bile is stored here Gall Bladder
50%
Functions to remove water, ion, and water-soluble vitamins from the materials passing through Large Intestine
50%
Carbohydrates starts here Mouth
50%
Carbohydrates end here Small Intestine
50%
Proteins end here Small Intestine
50%
Fats end here Small Intestine
50%
Flap of Cartilage Epiglottis
38%
Bile is produced here Liver
38%
Site of Majority of chemical digestion Small Intestine
38%
Site of absorption of food molecules into the blood Small Intestine
38%
Fats start here Small Intestine
38%
Proteins start here Stomach
38%
The enzymes and digestive fluids that flood the chyme in the Duodenum
25%
Closes off the trachea while swallowing Epiglottis
25%
Contains large amounts of bacteria that manufacture vitamin K Large Intestine
25%
The enzymes and digestive fluids that flood the chyme in the Liver
25%
The enzymes and digestive fluids that flood the chyme in the Pancreas
25%
Extension of the soft palate Uvula
25%
Closes off the nasal passage while swallowing Uvuala
13%
No matching quizzes found
Score Distribution
Percent of People with Each Score
Percentile by Number Answered
Your Score History
You have not taken this quiz since the last reset